00327nam a2200121Ia 4500008004100000020001400041050001500055100002100070245003700091260004000128300002400168650001300192150202s9999 xx 000 0 und d a373288107 aFIC bFIC  aKnight, Kristie. aDylan's honor /cKristie Knight. aNew York :bHarlequin Books,c1994. a299 pages :c18 cm. aFiction.